Národ cenových poľovníkov
Kto je slovenský spotrebiteľ. Pre Slovákov je cena pri nákupoch stále jedným z najdôležitejších kritérií. Slovenský spotrebiteľ však už hľadá viac ako iba cenovú akciu základných potravín.
Guardado en:
| Autor principal: | |
|---|---|
| Formato: | Capítulo de libro |
| Lenguaje: | eslovaco |
| Materias: | |
| Etiquetas: |
Sin Etiquetas, Sea el primero en etiquetar este registro!
|
MARC
| LEADER | 00000naa a2200000 4500 | ||
|---|---|---|---|
| 001 | 0136390 | ||
| 005 | 20231113073339.0 | ||
| 041 | 0 | |a slo | |
| 044 | |a SK | ||
| 245 | 1 | 0 | |a Národ cenových poľovníkov |c Tomáš Czwitkovics |
| 520 | |a Kto je slovenský spotrebiteľ. Pre Slovákov je cena pri nákupoch stále jedným z najdôležitejších kritérií. Slovenský spotrebiteľ však už hľadá viac ako iba cenovú akciu základných potravín. | ||
| 610 | 2 | 0 | |a spotrebitelia |
| 610 | 2 | 0 | |a správanie spotrebiteľa |
| 610 | 2 | 0 | |a ceny |
| 610 | 2 | 0 | |a potraviny |
| 610 | 2 | 0 | |a Slovensko |
| 100 | 1 | |a Czwitkovics, Tomáš | |